Countries in Asia with the lowest GDP per Capita - Statistics

General Stats
  • This quiz has been taken 92 times
  • The average score is 13 of 15
Answer Stats
GDP/Capita ($) Answer % Correct
699 Nepal
96%
649 Afghanistan
95%
1,081 Cambodia
95%
1,693 Laos
95%
1,172 Bangladesh
92%
2,730 Bhutan
92%
1,343 Pakistan
92%
1,627 India
91%
1,221 Myanmar
91%
1,574 Yemen
91%
1,113 Tajikistan
90%
2,046 Uzbekistan
90%
2,053 Vietnam
90%
1,299 Kyrgyzstan
77%
2,865 Philippines
68%
No matching quizzes found
Score Distribution
Percent of People with Each Score
Percentile by Number Answered
Your Score History
You have not taken this quiz